000 00751nam a2200229Ia 4500
003 GCL
008 140319s9999 xx 000 0 ara d
040 _aGCL /
_cGCL
082 0 4 _a810.9962
_bع ن
100 1 _aعبدالفتاح الديدى
245 1 0 _aالنقد والجمال عند العقاد /
_cعبدالفتاح الديدى
260 _aالقاهرة :
_bالهيئة المصرية العامة للكتاب ،
_c1987
300 _a178 ص ؛
_c26 سم
490 _aدراسات ادبية
_v0
650 0 4 _aالادب العربى
650 0 4 _aالعصر الحديث
650 0 4 _aمصر
650 0 4 _aالعقائد
650 0 4 _aعباس محمود العقاد
650 0 4 _aتاريخ ونقد
942 _2ddc
_cBK
999 _c29137
_d29137